Landmark speeches of National Socialism (Record no. 233602)
[ view plain ]
| 000 -LEADER | |
|---|---|
| fixed length control field | 02568nam a2200469 a 4500 |
| 082 04 - DEWEY DECIMAL CLASSIFICATION NUMBER | |
| Classification number | 324.243/0238 |
| 245 00 - TITLE STATEMENT | |
| Title | Landmark speeches of National Socialism |
| 250 ## - EDITION STATEMENT | |
| Edition statement | 1st ed. |
| 260 ## - PUBLICATION, DISTRIBUTION, ETC. (IMPRINT) | |
| Place of publication | College Station : |
| Name of publisher | Texas A&M University Press, |
| Year of publication | c2008. |
| 300 ## - PHYSICAL DESCRIPTION | |
| Number of Pages | 164 p. |
| 490 1# - SERIES STATEMENT | |
| Series statement | Landmark speeches |
| 500 ## - GENERAL NOTE | |
| General note | Translated from the German. |
| 505 0# - FORMATTED CONTENTS NOTE | |
| Formatted contents note | The magic force of the spoken word -- Adolf Hitler : reestablishing the National Socialist German Workers Party, 27 February 1925 -- Joseph Goebbels : "the storm is coming," 9 July 1932 -- Joseph Goebbels : propaganda and public enlightenment, 6 September 1934 -- Gertrud Scholtz-Klink : duties and tasks of the woman in the National Socialist state, October 1936 -- Gerhard Wagner : race and population policy, 11 September 1936 -- Joseph Goebbels : "our Hitler," 19 April 1937 -- Julius Streicher : speech after "The night of broken glass," 10 November 1938 -- Adolf Hitler : to the old guard in Munich, 8 November 1941-- Joseph Goebbels : "total war," 18 February 1943 -- Model speeches for Nazi leaders, 1944-1945 -- Adolf Hitler : Adolf Hitler's last speech, 30 January 1945. |
| 650 #0 - SUBJECT ADDED ENTRY--TOPICAL TERM | |
| Topical Term | Nazi propaganda. |
| Topical Term | Speeches, addresses, etc., German. |
| Topical Term | National socialism |
| 700 1# - ADDED ENTRY--PERSONAL NAME | |
| Personal name | Bytwerk, Randall L. |
| 856 40 - ELECTRONIC LOCATION AND ACCESS | |
| Uniform Resource Identifier | http://site.ebrary.com/lib/rucke/Doc?id=10432092 |
No items available.
